Rímas y leyendas (Registro nro. 248)

Detalles MARC
000 -Cabecera
Campo de control interno 00553nam a2200205Ia 4500
005 - Fecha y hora del registro
control field 20251205092221.0
008 - Elementos de Longitud Fija
fixed length control field 251203t2014||||xx |||||||||||||| ||spa||
041 ## - Idioma
Codigo Idioma ESP
082 ## - DEWEY y NOTACIÓN INTERNA
Dewey 868.5
Notación Interna B34
100 ## - AUTOR
Autor denominación Bécquer, Gustavo Adolfo,
Títulos y otras palabras asociadas con el nombre AUT
245 #0 - TÍTULO DE MATERIAL BIBLIOGRÁFICO
Título Rímas y leyendas
250 ## - EDICIÓN
Edición Decimocuarta reimpresión
260 ## - CIUDAD, EDITORIAL, AÑO
Ciudad Bogotá D. C.,
Nombre de la Editorial Panamericana Editorial,
Año 2014
300 ## - DESCRIPCIÓN
N° Páginas xix, 358 páginas :
Otros detalles
Dimensiones 21 cm.
650 ## - TEMAS
Temas Literatura
653 ## - DESCRIPTORES
Lenguajes no controlado Literatura española - Siglo XIX
654 ## - PROGRAMAS
Programa Todos los programas
942 ## - ELEMENTOS DE KOHA
Tipo de documento Libro
Nombre del creador Justo Noguera
Código de catalogador Margarita Torres
Esquema de clasificación Dewey Decimal Classification
Existencias
Codigo completo Registro Colección Copia número Disponibilidad Tipo de préstamo Biblioteca Actual Procedencia (Biblioteca) Ubicacón Fecha Ingreso Tipo de Adquisición Date last seen Total checkouts Price effective from Tipo de Item Estado del Material Fuente de Clasificación Damaged status Withdrawn status
868.5 B34 1085121 Colección Vera Bejar 1   Restringido Víctor Andrés Belaunde Víctor Andrés Belaunde Planta baja cerrada 03/12/2025 Donación 03/12/2025   03/12/2025 Libro Bueno Dewey Decimal Classification   Withdrawn